Physics for engineers and scientists / (Record no. 194644)
[ view plain ]
| 000 -LEADER | |
|---|---|
| fixed length control field | 01053 a2200217 4500 |
| 003 - CONTROL NUMBER IDENTIFIER | |
| control field | Nust |
| 005 - DATE AND TIME OF LATEST TRANSACTION | |
| control field | 20170207154159.0 |
| 010 ## - LIBRARY OF CONGRESS CONTROL NUMBER | |
| LC control number | 77016193 |
| 020 ## - INTERNATIONAL STANDARD BOOK NUMBER | |
| International Standard Book Number | 0470993359 (Halsted Press) |
| 040 ## - CATALOGING SOURCE | |
| Transcribing agency | Nust |
| 082 00 - DEWEY DECIMAL CLASSIFICATION NUMBER | |
| Classification number | 530 |
| 100 1# - MAIN ENTRY--PERSONAL NAME | |
| Personal name | Elwell, Dennis. |
| 245 10 - TITLE STATEMENT | |
| Title | Physics for engineers and scientists / |
| Statement of responsibility, etc. | D. Elwell, A. J. Pointon. |
| 250 ## - EDITION STATEMENT | |
| Edition statement | 2d ed. |
| 260 ## - PUBLICATION, DISTRIBUTION, ETC. | |
| Place of publication, distribution, etc. | Chichester, Eng. : |
| Name of publisher, distributor, etc. | E. Horwood ; |
| Place of publication, distribution, etc. | New York : |
| Name of publisher, distributor, etc. | Distributor, North and South America, Halsted Press, |
| Date of publication, distribution, etc. | 1978. |
| 300 ## - PHYSICAL DESCRIPTION | |
| Extent | xi, 356 p. : |
| Other physical details | ill. ; |
| Dimensions | 24 cm. |
| 500 ## - GENERAL NOTE | |
| General note | Edition of 1970 by A. J. Pointon and D. Elwell published under title: Physics for electrical engineers. |
| 505 ## - FORMATTED CONTENTS NOTE | |
| Formatted contents note | Principles of Thermodynamics (Page-3) Kinetic Theory of Matter (Page-30) Applications of Thermodynamics (Page-51) Wave Theory (Page-67) The Electron (Page-113) The Atom (Page-145) Ions (Page-166) The Nucleus (Page-188) X-Rays and Crystal Structure (Page-231) Solid State Electronics (Page-247) Magnetism (Page-302) Dielectrics (Page-325) |
| 650 #0 - SUBJECT ADDED ENTRY--TOPICAL TERM | |
| Topical term or geographic name entry element | Physics. |
| 700 1# - ADDED ENTRY--PERSONAL NAME | |
| Personal name | Pointon, Anthony John, |
| 942 ## - ADDED ENTRY ELEMENTS (KOHA) | |
| Source of classification or shelving scheme | |
| Koha item type | Book |
| Withdrawn status | Lost status | Source of classification or shelving scheme | Damaged status | Not for loan | Collection code | Permanent Location | Current Location | Date acquired | Total Checkouts | Full call number | Barcode | Date last seen | Price effective from | Koha item type |
|---|---|---|---|---|---|---|---|---|---|---|---|---|---|---|
| Military College of Signals (MCS) | Military College of Signals (MCS) | 12/12/2016 | 530 ELW | MCS11560 | 12/08/2016 | 12/12/2016 | Book |
